A Practical approach to conveyancing / (Record no. 4183)
[ view plain ]
| 000 -LEADER | |
|---|---|
| fixed length control field | 00898cam a22002532 4500 |
| 001 - CONTROL NUMBER | |
| control field | 0000020814 |
| 005 - DATE AND TIME OF LATEST TRANSACTION | |
| control field | 20151217145927.0 |
| 008 - FIXED-LENGTH DATA ELEMENTS--GENERAL INFORMATION | |
| fixed length control field | 111018s xx 000 0 eng d |
| 020 ## - INTERNATIONAL STANDARD BOOK NUMBER | |
| International Standard Book Number | 0199609420 : |
| Terms of availability | KES 6170 |
| 040 ## - CATALOGING SOURCE | |
| Original cataloging agency | KABU |
| Transcribing agency | KABU |
| 100 1# - MAIN ENTRY--PERSONAL NAME | |
| Personal name | Abbey, Robert M. |
| -- | 0000160377 |
| 245 12 - TITLE STATEMENT | |
| Title | A Practical approach to conveyancing / |
| Statement of responsibility, etc. | Robert M. Abbey, Mark B. Richards. |
| 250 ## - EDITION STATEMENT | |
| Edition statement | 13th ed. |
| 260 ## - PUBLICATION, DISTRIBUTION, ETC. (IMPRINT) | |
| Place of publication, distribution, etc. | Oxford : |
| Name of publisher, distributor, etc. | O. U. P., |
| Date of publication, distribution, etc. | 2011. |
| 300 ## - PHYSICAL DESCRIPTION | |
| Extent | xxxvii, 558 p. |
| 650 #0 - SUBJECT ADDED ENTRY--TOPICAL TERM | |
| Topical term or geographic name as entry element | Conveyancing |
| Geographic subdivision | Great Britain. |
| -- | 0000160378 |
| 650 #0 - SUBJECT ADDED ENTRY--TOPICAL TERM | |
| Topical term or geographic name as entry element | Land titles |
| General subdivision | Registrations and transfer |
| Geographic subdivision | Great Britain. |
| -- | 0000160379 |
| 700 1# - ADDED ENTRY--PERSONAL NAME | |
| Personal name | Richards, Mark B. |
| -- | 0000160380 |
| 852 1# - LOCATION | |
| -- | p6400 KES |
| 852 1# - LOCATION | |
| -- | p6400 KES |
| 852 1# - LOCATION | |
| -- | p6400 KES |
| 908 ## - PUT COMMAND PARAMETER (RLIN) | |
| Put command parameter | 111018 |
| 950 ## - LOCAL HOLDINGS (RLIN) | |
| -- | 1 |
| Withdrawn status | Lost status | Source of classification or shelving scheme | Not for loan | Home library | Current library | Date acquired | Total Checkouts | Full call number | Barcode | Date last seen | Date last checked out | Price effective from | Koha item type |
|---|---|---|---|---|---|---|---|---|---|---|---|---|---|
| Library of Congress Classification | Kabarak, Main Campus | Kabarak, Main Campus | 17/12/2015 | 3 | KD979 .A23 2011 c. 3 | 19541 | 06/07/2017 | 06/06/2017 | 17/12/2015 | General Collection | |||
| Library of Congress Classification | Kabarak, Main Campus | Kabarak, Main Campus | 17/12/2015 | 2 | KD979 .A23 2011 c. 1 | 19539 | 04/11/2017 | 02/11/2017 | 17/12/2015 | General Collection | |||
| Library of Congress Classification | Kabarak, Main Campus | Kabarak, Main Campus | 17/12/2015 | KD979 .A23 2011 c. 4 | 19542 | 17/12/2015 | 17/12/2015 | General Collection | |||||
| Library of Congress Classification | Kabarak, Main Campus | Kabarak, Main Campus | 17/12/2015 | 1 | KD979 .A23 2011 c. 2 | 19540 | 06/06/2017 | 18/05/2017 | 17/12/2015 | General Collection |